| 000 | 00433cam a2200157 a 4500 | ||
|---|---|---|---|
| 020 | _a0070357870 | ||
| 040 | _cDLC | ||
| 082 | 0 | 0 | _a658 MIT 1992 A008 Or. |
| 100 | 1 | _aKroenke, David M., | |
| 245 | 1 | 0 | _aManagement information systems / |
| 250 | _a2nd ed. | ||
| 260 |
_aNew York : _bMitchell McGraw-Hill, _cc1992. |
||
| 300 |
_axxvii, 804 p. : _bill. (some col.) ; _c24 cm. |
||
| 650 | 0 | _aManagement information systems. | |
| 942 | _cEK | ||
| 999 |
_c17127 _d17127 |
||